| 000 | 01118cam a2200301 a 4500 | ||
|---|---|---|---|
| 001 | 4803540 | ||
| 003 | 000 | ||
| 005 | 20170713092844.0 | ||
| 007 | 000 | ||
| 008 | 881109s1989 sz a b 001 0 eng | ||
| 010 | _a 88038992 | ||
| 020 | _a3718648970 | ||
| 040 |
_aUOEL _cDLC _dDLC |
||
| 050 | 0 | 0 |
_aHC79.E5 _bH316 1989 |
| 082 | 0 | 0 |
_a363.7 _219 |
| 100 | 1 | _aHahn, Robert William. | |
| 245 | 1 | 2 |
_aA primer on environmental policy design / _cby Robert W. Hahn. |
| 260 |
_aChur, Switzerland ; _aNew York : _bHarwood Academic Publishers, _cc1989. |
||
| 300 |
_axi, 135 p. : _bill. ; _c22 cm. |
||
| 490 | 1 |
_aFundamentals of pure and applied economics, _x0191-1708 ; _v34. _aGovernment ownership and regulation of economic activity section |
|
| 500 | _aIncludes index. | ||
| 504 | _aBibliography: p. 125-130. | ||
| 650 | 0 | _aEnvironmental policy. | |
| 830 | 0 |
_aFundamentals of pure and applied economics ; _vv. 34. |
|
| 830 | 0 |
_aFundamentals of pure and applied economics. _pGovernment ownership and regulation of economic activity section. |
|
| 906 |
_a7 _bcbc _corignew _d1 _eocip _f19 _gy-gencatlg |
||
| 942 |
_2lcc _cSBK |
||
| 999 |
_c12963 _d12963 |
||